Технология очистки газа за рубежом: справочник

Bibliografiske detaljer
Hovedforfatter: Бернер Г. Я. Геннадий Яковлевич
Summary:В справочнике рассмотрен широкий круг вопросов по очистке газа в США, Японии, европейских странах. Справочник полезен специалистам по охране окружающей среды, инженерам различных проектных институтов, научным сотрудникам НИИ, преподавателям и студентам Вузов.
Sprog:russisk
Udgivet: Москва, Новости теплоснабжения, 2006
Fag:
Format: MixedMaterials Bog
KOHA link:https://koha.lib.tpu.ru/cgi-bin/koha/opac-detail.pl?biblionumber=144423

MARC

LEADER 00000nam0a2200000 4500
001 144423
005 20231101221108.0
010 |a 5942960143 
035 |a (RuTPU)RU\TPU\book\156516 
090 |a 144423 
100 |a 20081002d2006 km y0rusy50 ca 
101 0 |a rus 
102 |a RU 
105 |a a g 000zy 
200 1 |a Технология очистки газа за рубежом  |e справочник  |f Г. Я. Бернер 
210 |a Москва  |c Новости теплоснабжения  |d 2006 
215 |a 262 с.  |c ил. 
330 |a В справочнике рассмотрен широкий круг вопросов по очистке газа в США, Японии, европейских странах. Справочник полезен специалистам по охране окружающей среды, инженерам различных проектных институтов, научным сотрудникам НИИ, преподавателям и студентам Вузов. 
606 1 |a Газы промышленные  |x Очистка  |2 stltpush  |3 (RuTPU)RU\TPU\subj\38494  |9 58994 
606 1 |a Воздух промышленных предприятий  |x Очистка  |2 stltpush  |3 (RuTPU)RU\TPU\subj\3359 
610 1 |a газоочистка 
610 1 |a пыль 
610 1 |a классификация 
610 1 |a фильтры 
610 1 |a циклоны 
610 1 |a электрофильтры 
610 1 |a тканевые фильтры 
610 1 |a мокрая очистка 
610 1 |a аппараты 
610 1 |a адсорбционные установки 
610 1 |a термическая очистка 
610 1 |a биологическая очистка 
610 1 |a зарубежные фирмы 
610 1 |a оборудование 
610 1 |a технология 
610 1 |a химические соединения 
610 1 |a комплексная очистка 
610 1 |a газоочистные аппараты 
610 1 |a конструкции 
610 1 |a материалы 
610 1 |a справочники 
610 1 |a экология 
610 1 |a газ 
675 |a 66.074(035)  |v 3 
675 |a 628.511(035)  |v 3 
700 1 |a Бернер  |b Г. Я.  |g Геннадий Яковлевич 
801 1 |a RU  |b 63413507  |c 20081002  |g PSBO 
801 2 |a RU  |b 63413507  |c 20141125  |g PSBO 
942 |c BK 
959 |a 86/20081002  |d 1  |e 5280,00  |f ЧЗТЛ:1